Państwa które leżą na jednym południku z Polską - Statystyki

Ogólne statystyki
  • Ten quiz został rozwiązany 38 razy
  • Średni wynik to 14 z 19
Statystyki odpowiedzi
Państwa % Poprawnych
Norwegia
100%
Szwecja
100%
Rosja
90%
Węgry
87%
Słowacja
84%
Republika Południowej Afryki
81%
Serbia
81%
Czad
77%
Libia
77%
Republika Środkowoafrykańska
77%
Albania
74%
Botswana
71%
Czarnogóra
71%
Finlandia (wyspa)
71%
Norwegia (wyspa)
71%
Grecja (wyspa)
68%
Demokratyczna Republika Kongo
52%
Namibia
52%
Polska
42%
Nie znaleziono quizów pasujących do podanych kryteriów
Rozkład punktacji
Procent ludzi z każdym wynikiem
Percentyl według liczby udzielonych odpowiedzi
Twoja historia wyników
Nie rozwiązałeś tego quizu